Les endocardites infectieuses (Record no. 90940)

MARC details
000 -LEADER
campo de control de longitud fija 00578nam a2200181 i 4500
001 - NÚMERO DE CONTROL
campo de control 90940
003 - IDENTIFICADOR DE NÚMERO DE CONTROL
campo de control ES-MaACL
005 - FECHA Y HORA DE LA ÚLTIMA TRANSACCIÓN
campo de control 20250816062401.0
007 - CAMPO FIJO DE DESCRIPCIÓN FÍSICA--INFORMACIÓN GENERAL
campo de control de longitud fija t|
008 - DATOS DE LONGITUD FIJA--INFORMACIÓN GENERAL
campo de control de longitud fija 050126s1930 fr ||||1| fre d
100 1# - ENTRADA PRINCIPAL--NOMBRE DE PERSONA
Nombre de persona Lemierre, A.
9 (RLIN) 71474
245 14 - MENCIÓN DEL TÍTULO
Título Les endocardites infectieuses
Resto del título : diagnostic et traitements /
Mención de responsabilidad, etc. par A. Lemierre & P.N. Duchamps.
260 ## - PUBLICACIÓN, DISTRIBUCIÓN, ETC.
Lugar de publicación, distribución, etc. [S.l. :
Nombre del editor, distribuidor, etc. s.n.,
Fecha de publicación, distribución, etc. 1930] (
Lugar de fabricación/manufactura Tours :
Fabricante Arrault et Cie.)
300 ## - DESCRIPCIÓN FÍSICA
Extensión 72 p. ;
Dimensiones 27 cm.
700 1# - ENTRADA AGREGADA--NOMBRE PERSONAL
Nombre de persona Deschamps, Pierre-Noël,
Fechas asociadas al nombre 1891-1962
9 (RLIN) 45816
852 ## - LOCALIZACIÓN
Ubicación ES-MaACL
Número de control de estantería 1824-F-6
Holdings
Estatus retirado Estado de pérdida Estado de daño No para préstamo Colección Biblioteca de origen Biblioteca actual Ubicación en estantería Fecha de adquisición Fuente de adquisición Total de préstamos Signatura topográfica completa Código de barras Visto por última vez Precio de reemplazo Tipo de ítem Koha
        Colección de folletos Biblioteca del Ateneo de Madrid Biblioteca del Ateneo de Madrid Depósito folletos 17/01/2008     1824-F-6 1094948 23/02/2023 23/02/2023 Folleto